Romances, letrillas, sonetos y canciones. Fragmento de soledad primera
Guardat en:
| Autor principal: | |
|---|---|
| Format: | Llibre |
| Idioma: | espanyol |
| Publicat: |
Santiago
Universitaria
1961
|
| Col·lecció: | Biblioteca Hispana, 16
|
| Matèries: | |
| Etiquetes: |
Afegir etiqueta
Sense etiquetes, Sigues el primer a etiquetar aquest registre!
|
MARC
| LEADER | 00000nam a2200000 a 4500 | ||
|---|---|---|---|
| 001 | UCQ1353 | ||
| 003 | CL-VaPUC | ||
| 008 | 980709e19610000CL |||||||||||||||||spa|d | ||
| 082 | 0 | 4 | |a 860.8 |b GON |2 21 |
| 100 | 0 | |a Góngora y Argote, Luis de |e author |9 267951 | |
| 245 | 1 | 0 | |a Romances, letrillas, sonetos y canciones. Fragmento de soledad primera |
| 300 | |a 187 p | ||
| 942 | |c BK | ||
| 945 | |d 19980709 00:00:00 |a lriquelm | ||
| 260 | |a Santiago |b Universitaria |c 1961 | ||
| 650 | 0 | |a Antologías |9 309836 | |
| 650 | 0 | |a Poesías españolas |9 265100 | |
| 650 | 0 | |a Novelas españolas |9 265052 | |
| 650 | 0 | |a Literatura española |9 306261 | |
| 583 | |a last modification |c 19980709 00:00:00 |k Rodrigo Vera | ||
| 490 | 0 | |a Biblioteca Hispana, 16 | |
| 999 | |c 272353 |d 272351 | ||
| 952 | |0 0 |1 0 |4 0 |6 860_800000000000000_GON_1961 |7 0 |8 A |9 307254 |a BIBEDU |b BIBEDU |d 2019-11-20 |i 143490K |o 860.8 GON 1961 |p 143490K |r 2019-11-20 |w 2019-11-20 |y BK |k LIT | ||
| 952 | |0 0 |1 0 |4 0 |6 860_800000000000000_GON_1961 |7 0 |8 A |9 307255 |a BIBEDU |b BIBEDU |d 2019-11-20 |i 4143809 |l 1 |o 860.8 GON 1961 |p 4143809 |r 2023-10-04 |s 2023-09-27 |w 2019-11-20 |y BK |k LIT | ||